| 000 | 01111cam a22003134a 4500 | ||
|---|---|---|---|
| 999 |
_c6915 _d6915 |
||
| 001 | 12507120 | ||
| 003 | OSt | ||
| 005 | 20200124140601.0 | ||
| 008 | 010820s2002 maua b 001 0 eng | ||
| 010 | _a 2001045881 | ||
| 020 | _a9788129701121 | ||
| 020 | _a812970112X | ||
| 040 |
_aDLC _cDLC _dDLC |
||
| 042 | _apcc | ||
| 050 | 0 | 0 |
_aHF5548.32 _b.L38 2002 |
| 082 | 0 | 0 |
_a658.84 _221 _bLAU/E |
| 100 | 1 |
_aLaudon, Kenneth C., _d1944- _91510 |
|
| 245 | 1 | 0 |
_aE-commerce : _bbusiness, technology, society / _cKenneth C. Laudon, Carol Guercio Traver. |
| 260 |
_aDelhi : _bPearson, _c2005. |
||
| 300 |
_axxxv, 862 p. : _bcol. ill. ; _c24 cm. |
||
| 504 | _aIncludes bibliographical references (p. 725-737) and index. | ||
| 650 | 0 | _aElectronic commerce. | |
| 650 | 0 | _aInternet marketing. | |
| 650 | 0 | _aInformation technology. | |
| 700 | 1 |
_aTraver, Carol Guercio _91511 |
|
| 906 |
_a7 _bcbc _corignew _d1 _eocip _f20 _gy-gencatlg |
||
| 942 |
_2ddc _cBK _h658.872 _iLAU/E _k658.872 _mLAU/E |
||